| 000 | 00591cam a2200217ua 4500 | ||
|---|---|---|---|
| 001 | 10327 | ||
| 008 | 180331n ii |||gr||||Z||||||eng | ||
| 020 | _a9788183335799 | ||
| 040 | _cMAIN | ||
| 082 | _a006.7 | ||
| 100 |
_aJain, Satish, _eAuthor. |
||
| 245 |
_aWeb designing and development : _btraining guide / _cBy Satish Jain . |
||
| 250 | _a1st ed. | ||
| 260 |
_aNew Delhi: _bBPB publications, _c2015. |
||
| 300 | _a215p. | ||
| 653 | _aSpecial computer methods | ||
| 653 | _aWeb design | ||
| 700 |
_aRai, Ambrish K., _eAuthor. |
||
| 700 |
_aIyer, M. Geetha, _eAuthor. |
||
| 942 | _cBK | ||
| 999 |
_c9322 _d9322 |
||